|
|
|
|
| LEADER |
01034nam a2200241 a 4500 |
| 001 |
2434345 |
| 008 |
091025s2000 ii 000 0 eng d |
| 010 |
|
|
|a 87904041
|
| 020 |
|
|
|a 8170126908
|
| 040 |
|
|
|a DLC
|c DLC
|d DLC
|
| 082 |
0 |
0 |
|a 347.54/035
|a 345.40735
|2 19
|
| 100 |
1 |
|
|a Dāsa, Gobinda,
|d 1929-
|
| 245 |
1 |
0 |
|a Supreme Court in quest of identity /
|c Gobind Das.
|
| 260 |
|
|
|a Lucknow :
|b Eastern Book Co.,
|c 2000.
|
| 300 |
|
|
|a viii, 485 p. ;
|c 25 cm.
|
| 520 |
|
|
|a On the Supreme Court of India, its powers and historic judgments, 1950-1986.
|
| 541 |
1 |
|
|e 00012570
|
| 610 |
1 |
0 |
|a India.
|b Supreme Court
|x History.
|
| 650 |
|
0 |
|a Judicial review
|z India
|x History.
|
| 650 |
|
0 |
|a Political questions and judicial power
|z India
|x History.
|
| 852 |
4 |
|
|a Ayesha Abed Library
|j General Shelf.
|
| 999 |
|
|
|c 4823
|d 4823
|
| 952 |
|
|
|0 0
|1 0
|2 ddc
|4 0
|6 347_540350000000000_DAS
|7 0
|9 4646
|a BRACUL
|b BRACUL
|c GEN
|d 2009-10-25
|g 878.00
|l 0
|o 347.54035 DAS
|p 3010012570
|r 2009-10-25
|t 1
|w 2009-10-25
|y BK
|x Koha Inventory 2020 ; Previously missing book recovered on 03 September 2025
|